00281nam a2200109Ia 4500008004000000082001200040100001600052245002500068260004600093300000800139650002400147210210b1956 xxu||||| |||| 00| 0 eng d a310/107 aLOWIE, R.H. aSocial organization. aLondonbRoutledge & Kegan Paul Ltd.c1956 a465 aSocial organisation